LEADER 00919nam a2200169 i 4500 001 000000224521 003 CaOOAMICUS 005 20131105000000.0 008 131105s1896 xx u000 u lat u 013 $a203419 040 $aSeMil$bita 245 10$aTomus 2. complectens tractatus tres de theologia speciali, nempe de Deo uno et trino, de Deo rerum omnium creatore, de Verbo Dei incarnato. 300 $a347 p. 773 0 $aMarchini, Antonio$tInstitutiones theologiae dogmaticae e probatis auctoribus excerptae in usum seminariorum.$bEditio altera expolitior.$dMortariae : Ex Typogr. Cortellezzi Praem. Don., 1896.$g2$w()29032 850 $aSeMil 852 $aSeMil$W1$xVenegono$y1$m2M III 7 FA$j174867$B174867$CSeMilBibl$Z2$F184904 $8I 996 $6245$aTomus 2. complectens tractatus tres de theologia speciali, nempe de Deo uno et trino, de Deo rerum omnium creatore, de Verbo Dei incarnato$9(OLS)http://semarc/title/321774 LEADER 00495nab a2200145 i 4500 001 000000312302 003 CaOOAMICUS 005 20180831173049.0 008 180831n xx uu u0 0und r 013 $a21394 040 $aSeMil$bita 100 1 $aTredici, Giacinto .$0(OLS)http://semarc/name/17126 245 13$aUn Congresso del progresso religioso. 773 0 $t[Settembre-Dicembre].$g144-147$w()274207 996 $6245$aUn Congresso del progresso religioso$9(OLS)http://semarc/title/386751